Catálogo
 En Linea

Una revolución solo puede ser hija de la cultura y las ideas / (Registro nro. 14140)

Detalles MARC
000 -CABECERA
campo de control de longitud fija 00599cam a2200145 a 4500
001 - NÚMERO DE CONTROL
campo de control 000014553
005 - FECHA Y HORA DE LA ÚLTIMA TRANSACCIÓN
campo de control 20200929163852.0
008 - DATOS DE LONGITUD FIJA--INFORMACIÓN GENERAL
campo de control de longitud fija 990928s1999 dr r 000 0 spa d
040 ## - FUENTE DE LA CATALOGACIÓN
Centro catalogador/agencia de origen DO-SdBNP
Lengua de catalogación spa
Centro/agencia transcriptor BNPHU
082 ## - NÚMERO DE LA CLASIFICACIÓN DECIMAL DEWEY
Número de clasificación xxxx
Número de documento/Ítem xxxx
245 00 - MENCIÓN DE TÍTULO
Título Una revolución solo puede ser hija de la cultura y las ideas /
Mención de responsabilidad, etc. Fidel Castro.
260 ## - PUBLICACIÓN, DISTRIBUCIÓN, ETC.
Lugar de publicación, distribución, etc. Santo Domingo :
Nombre del editor, distribuidor, etc. [s. n.],
Fecha de publicación, distribución, etc. 1999.
300 ## - DESCRIPCIÓN FÍSICA
Extensión 107 p. ;
Dimensiones 24 cm.
500 ## - NOTA GENERAL
Nota general Discurso pronunciado por el presidente del Consejo de Estado de la República de Cuba Fidel Castro Ruz, en el Aula Magna de la Universidad Central de Venezuela, 3 de febrero de 1999.
Existencias
Estado de retiro Estado de pérdida No para préstamo Código de colección Localización permanente Ubicación/localización actual Ubicación en estantería Fecha de adquisición Número de inventario Total de préstamos Signatura topográfica completa Código de barras Fecha visto por última vez Precio válido a partir de Tipo de ítem Koha Número de copia Restricciones de uso
    Excluido de préstamo Patrimonio Dominicano General General Depósito 14.01.2010 LF1   xxxx xxxx 14553-10 25.06.2020 25.06.2020 Libro y Folleto Colección Patrimonio Dominicano    
  Extraviado Excluido de préstamo Patrimonio Dominicano General General Extraviado 17.02.2010 LF1   xxxx xxxx 14553-20 25.06.2020 25.06.2020 Libro y Folleto Colección Patrimonio Dominicano e. 2  
  Extraviado   Dominicana de Servicio General General Extraviado 17.02.2010 LF1   xxxx xxxx 14553-30 25.06.2020 25.06.2020 Libro y Folleto Colección Dominicana de Servicio e. 3  

Con tecnología Koha